| 000 -CABECERA |
| Longitud fija campo de control |
01370cam a2200325 i 4500 |
| 001 - NÚMERO DE CONTROL |
| Número de control |
991060644676306706 |
| 003 - IDENTIFICADOR DEL NÚMERO DE CONTROL |
| Identificador del número de control |
OSt |
| 005 - FECHA Y HORA DE LA ÚLTIMA TRANSACCIÓN |
| Fecha y hora de la última transacción |
20240109125319.0 |
| 008 - CÓDIGOS DE INFORMACIÓN DE LONGITUD FIJA |
| Códigos de información de longitud fija |
220627s2022 spc|||| r o000 0dcat c |
| 015 ## - NÚMERO DE BIBLIOGRAFÍA NACIONAL |
| Número de bibliografía nacional |
LL2023 |
| Fuente |
bnc |
| 017 ## - NÚMERO DE COPYRIGHT O DE DEPÓSITO LEGAL |
| Número de copyright o de depósito legal |
DL Gi 556-2022 |
| Agencia que asigna el número |
Biblioteca de Catalunya |
| 020 ## - NÚMERO INTERNACIONAL NORMALIZADO PARA LIBROS |
| Número Internacional Normalizado para Libros (ISBN) |
9788484962984 |
| 040 ## - FUENTE DE LA CATALOGACIÓN |
| Centro catalogador de origen |
ES-BaUAB |
| Lengua de catalogación |
cat |
| Normas de descripción |
rda |
| Centro transcriptor |
CDMR |
| 043 ## - CÓDIGO DE ÁREA GEOGRÁFICA |
| Código de área geográfica |
e-sp--- |
| Código local GAC |
e-spcgi |
| Fuente del código local |
catmarc |
| 080 ## - NÚMERO DE LA CLASIFICACIÓN DECIMAL UNIVERSAL |
| Número de la Clasificación Decimal Universal |
070 |
| Subdivisión auxiliar común |
(460.23 Gi Girona) |
| -- |
"1977/2021" |
| Identificador de la edición |
2004 |
| 100 1# - PUNTO DE ACCESO PRINCIPAL-NOMBRE DE PERSONA |
| Nombre de persona |
Camps Durban, Eloi, |
| 245 13 - MENCIÓN DE TÍTULO |
| Título |
La Premsa veïnal de Girona : |
| Resto del título |
un model de comunicació i periodisme popular des dels barris (1977-2021) / |
| Mención de responsabilidad, etc. |
Eloi Camps Durban |
| 264 #1 - PRODUCCIÓN, PUBLICACIÓN , DISTRIBUCIÓN, FABRICACIÓN Y COPYRIGHT |
| Lugar de producción, publicación, distribución, fabricación |
Girona : |
| Nombre del productor, editor, distribuidor, fabricante |
Ajuntament de Girona, Servei de Gestió Documental, Arxius i Publicacions (SGDAP), |
| Fecha de de producción, publicación, distribución, fabricación o copyright |
[2022] |
| 300 ## - DESCRIPCIÓN FÍSICA |
| Extensión |
187 pàgines : |
| Otras características físicas |
il·lustracions (algunes en color) ; |
| Dimensiones |
22 cm |
| 490 1# - MENCIÓN DE SERIE |
| Mención de serie |
Col·lecció Carles Rahola. Beca ; |
| Designación de volumen o secuencia |
1 |
| 500 ## - NOTA GENERAL |
| Nota general |
Al peu d'impremta: Diputació de Girona, Universitat de Girona, Facultat de Lletres, i Col·legi de Periodistes de Catalunya, Demarcació de Girona |
| 504 ## - NOTA DE BIBLIOGRAFÍA, ETC |
| Nota de bibliografía, etc. |
Bibliografia: pàgines 175-186 |
| 586 ## - NOTA DE PREMIOS |
| Nota de premios |
Sisena Beca dels Premis Rahola, 2019-2020 |
| 650 #7 - PUNTO DE ACCESO ADICIONAL DE MATERIA - TÉRMINO DE MATERIA |
| Término de materia o nombre geográfico como elemento inicial |
Premsa comarcal |
| Subdivisión geográfica |
Girona |
| Subdivisión de materia general |
Història. |
| Fuente del encabezamiento o término |
lemac |
| 650 #7 - PUNTO DE ACCESO ADICIONAL DE MATERIA - TÉRMINO DE MATERIA |
| Término de materia o nombre geográfico como elemento inicial |
Premsa |
| Subdivisión geográfica |
Girona |
| Subdivisión de materia general |
Història. |
| Fuente del encabezamiento o término |
lemac |
| 830 #0 - PUNTO DE ACCESO ADICIONAL DE SERIE - TÍTULO UNIFORME |
| Título uniforme |
Col·lecció Carles Rahola. |
| Nombre de parte o sección de la obra |
Beca ; |
| Designación de volumen o secuencia |
1 |
| 908 ## - CONTROL DE PARÁMETROS (RLIN) |
| Parametro de comando lanzado |
UAB |
| -- |
UPF |
| -- |
BC |
| 940 ## - |
| T&íacute;tulo uniforme |
<a href="UAB">UAB</a> |
| 942 ## - ENTRADA DE ELEMENTOS AGREGADOS (KOHA) |
| Fuente de clasificaión o esquema |
|
| Koha [por defecto] tipo de item |
Monografies |